Un Gran Sueño - Delaossa, Tijeritas - Estadísticas

Estadísticas generales
  • Esta prueba ha sido intentada 9 veces
  • La puntuación promedio es 43 de 63
Estadísticas de respuestas
Hint Respuesta % Correcto
Y
100%
y
100%
- Yo
100%
barrio
86%
Donde
86%
en
86%
en
86%
en
86%
Málaga
86%
marinero
86%
mi
86%
nací
86%
que
86%
que
86%
que
86%
que
86%
un
86%
un
86%
A
71%
a
71%
a
71%
de
71%
de
71%
de
71%
del
71%
el
71%
la
71%
mis
71%
se
71%
Sueño
71%
sueños
71%
amigos
57%
cielo
57%
crecimos
57%
defectos
57%
Dios
57%
dolor
57%
Doy
57%
gracias
57%
Gran
57%
infierno
57%
llama
57%
los
57%
murieron
57%
oración
57%
pasé
57%
perdón
57%
persiguiendo
57%
pido
57%
por
57%
Preso
57%
Preso
57%
quiero
57%
reconozco
57%
Rezo
57%
sentir
57%
tanto
57%
una
57%
vivir
57%
Ay
43%
Hoy
43%
madre
43%
nuestros
43%
No se encontraron pruebas coincidentes
Distribución de puntuación
Porcentaje de gente con cada puntuación
Porcentaje por número respondido
Historial de tus puntuaciones
No has intentado esta prueba.